| 000 | 01896nam a22004217a 4500 | ||
|---|---|---|---|
| 003 | CHAP | ||
| 005 | 20220329134918.0 | ||
| 008 | 971013s1976 r 00010 d | ||
| 010 | _a27953 | ||
| 011 | _a28925 | ||
| 035 | _a33036 | ||
| 040 | _cCHAP | ||
| 082 |
_a636.213 _bM2Y 1973 |
||
| 100 | 0 | 0 |
_aMcCullough, Marshall E. _973456 |
| 245 | _aAlimentación práctica de la vaca lechera | ||
| 260 |
_aBarcelona : _bAedos, _c1976 |
||
| 300 |
_a226 p. _b: ilus. ; gráfs |
||
| 490 | _aBiblioteca agrícola Aedos | ||
| 500 | _aTrad. de la 2 ed. en inglés de 1973 | ||
| 590 |
_aBATCH-UPD _b10 _c20130110 _lUCH01 _h0310 |
||
| 590 |
_aBATCH-UPD _b10 _c20130110 _lUCH01 _h1608 |
||
| 590 |
_aBATCH-UPD _b10 _c20130409 _lUCH01 _h2342 |
||
| 590 |
_aBATCH-UPD _b10 _c20130914 _lUCH01 _h0616 |
||
| 590 |
_aCONVERSION _b10 _c20130109 _lUCH01 _h1316 |
||
| 650 | 1 | 4 |
_aGanado lechero _xAlimentación. _945238 |
| 830 | 0 |
_aBiblioteca agrícola Aedos _912228 |
|
| 901 | _aBK | ||
| 942 | _cLIBRO | ||
| 949 |
_a636.213 M2Y 1973 _bBC _cLIBRO _d33724000113585 _eLIBRO _fc.7 _gI.144603 _h74700 _i33036 _si _t22.18 |
||
| 949 |
_a636.213 M2Y 1973 _bBC _cLIBRO _d33724000113593 _eLIBRO _fc.6 _gI.144528 _h74588 _i33036 _si _t22.18 |
||
| 949 |
_a636.213 M2Y 1973 _bBC _cLIBRO _d33724000113601 _eLIBRO _fc.5 _gI.144527 _h74587 _i33036 _si _t22.18 |
||
| 949 |
_a636.213 M2Y 1973 _bBC _cLIBRO _d33724000113619 _eLIBRO _fc.4 _gI.144526 _h75486 _i33036 _si _t22.18 |
||
| 949 |
_a636.213 M2Y 1973 _bBC _cLIBRO _d33724000113627 _eLIBRO _fc.3 _gI.144525 _h74585 _i33036 _si _t22.18 |
||
| 949 |
_a636.213 M2Y 1973 _bBC _cLIBRO _d33724000113635 _eLIBRO _fc.2 _gI.144524 _h44850 _i33036 _si _t220.00 |
||
| 949 |
_a636.213 M2Y 1973 _bBC _cLIBRO _d33724000113767 _eLIBRO _fc.8 _gI.144602 _h74699 _i33036 _si _t22.18 |
||
| 949 |
_a636.213 M2Y 1973 _bBC _cLIBRO _d33724000123956 _eLIBRO _h44849 _i33036 _si _t220.00 |
||
| 949 |
_a636.213 M2Y 1973 _bBC _cLIBRO _d33724000848578 _eLIBRO _fc.9 _h103157 _i33036 _si |
||
| 999 |
_c27953 _d27953 |
||